000 00630nam a2200277Ia 4500
005 20260324115420.0
008 008 260324s9999 xx 000 0 eng d
020 _a9781315226279
037 _aEBOOK
040 _aCRL
040 _beng
040 _cCRL
041 _2eng
041 _aeng
084 _qCRL
100 _aClement Kleinstreuer
_91154575
245 0 _aModern Fluid Dynamics
260 _bTaylor and Francis
260 _c2018
365 _a
365 _b370
856 _uhttp://www.taylorfrancis.com/books/9781315226279
942 _cEBOOK
999 _c1745445
_d1745445